Normal view
MARC view
- Aeronautical instruments
Entry Topical Term
001 - CONTROL NUMBER
- control field: 111173
003 - CONTROL NUMBER IDENTIFIER
- control field: NUST
005 - DATE AND TIME OF LATEST TRANSACTION
- control field: 20230322165757.0
008 - FIXED-LENGTH DATA ELEMENTS
- fixed length control field: 230322|| aca||aabn | a|a d
040 ## - CATALOGING SOURCE
- Original cataloging agency: NUST
- Transcribing agency: NUST
150 ## - HEADING--TOPICAL TERM
- Topical term or geographic name entry element: Aeronautical instruments
- General subdivision: Display systems
670 ## - SOURCE DATA FOUND
- Source citation: Work cat.: (NUST)0: Jukes, Malcolm. 110937, Aircraft display systems /, c2004.
